skbl

Dr Suryya Kumar Bhuyan Library Web-OPAC
ডঃ সূৰ্য্য
কুমাৰ ভূঞা পুথিভঁৰাল ৱেব-অ'পেক

All Research Scholars are advised to clear the annual library fees to continue using Library Resources, Remote Access, Plagiarism Test and Library Clearance.

Cotton University Book Fair 2026

Counseling : (Record no. 66323)

MARC details
000 -LEADER
fixed length control field 00462nam a2200157Ia 4500
001 - CONTROL NUMBER
control field 65223
008 - FIXED-LENGTH DATA ELEMENTS--GENERAL INFORMATION
fixed length control field 220305n2019 ii |||gr||||Z||||||465
020 ## - INTERNATIONAL STANDARD BOOK NUMBER
International Standard Book Number 9789353061807
082 ## - DEWEY DECIMAL CLASSIFICATION NUMBER
Classification number 158.3
100 ## - MAIN ENTRY--PERSONAL NAME
Personal name Gladding,Samuel T ,
Relator term Author.
245 #0 - TITLE STATEMENT
Title Counseling :
Remainder of title A Comprehensive Profession /
Statement of responsibility, etc. Samuel T Gladding, Promila Batra .
Medium Textual Documents
250 ## - EDITION STATEMENT
Edition statement 8th.
260 ## - PUBLICATION, DISTRIBUTION, ETC.
Place of publication, distribution, etc. UP
Name of publisher, distributor, etc. Pearson Education Pvt.Ltd
Date of publication, distribution, etc. 2019
300 ## - PHYSICAL DESCRIPTION
Extent 744p.:
Dimensions 22cm.
942 ## - ADDED ENTRY ELEMENTS (KOHA)
Source of classification or shelving scheme Dewey Decimal Classification
Koha item type Books
Holdings
Withdrawn status Lost status Damaged status Not for loan Collection Home library Current library Shelving location Date acquired Source of acquisition Coded location qualifier Cost, normal purchase price Total checkouts Full call number Barcode Date last seen Copy number Price effective from Koha item type Public note Date last checked out
          Dr. Suryya Kumar Bhuyan Library Dr. Suryya Kumar Bhuyan Library   05/03/2022 07 00000 579.00   158.3 GLA 3957/CU/PSY 14/01/2024 1 05/03/2022 Books 07  
          Dr. Suryya Kumar Bhuyan Library Dr. Suryya Kumar Bhuyan Library   05/03/2022 07 00000 579.00 1 158.3 GLA 3946/CU/PSY 12/06/2024 2 05/03/2022 Books 07 28/03/2024

Designed and Maintained by Team SKBL
©1901-2026

Powered by Koha